000 00622nam a2200205 a 4500
001 18425
003 CO-ViMGA
008 141112s2004 ck r 000 u spa d
020 _a9588101085
040 _aCO-ViMGA
_bspa
_cCO-ViMGA
082 0 4 _a301.153 V153e
100 1 _aValencia Gutierrez, Humberto
_926241
245 1 0 _aExclusión social y construcción de lo público en Colombia
260 _aBogotá,
_cCerec,
_c2001
300 _a430.p.
590 _aForma de adquisición : Premio - Mincultura
650 1 4 _aLUCHAS SOCIALES - COLOMBIA
_99583
650 1 4 _aSOCIOLOGIA URBANA - COLOMBIA
_926242
942 _2ddc
_cBK
999 _c27723
_d27723